[Event "African Games-chT 2019"]
[Site "Casablanca"]
[Date "2019.08.24"]
[Round "5.4"]
[White "Miladi, Amen"]
[Black "Wafa, Shahenda"]
[Result "1/2-1/2"]
[WhiteElo "1811"]
[BlackElo "2139"]
[Annotator "NA"]
[PlyCount "173"]
[EventDate "2019.08.24"]
[EventType "team-tourn"]
[EventCountry "MAR"]
[SourceTitle "playchess.com"]
[Source "ChessBase"]
[SourceQuality "1"]
[WhiteTeam "Tunisia"]
[BlackTeam "Egypt"]
[WhiteTeamCountry "TUN"]
[BlackTeamCountry "EGY"]
[TimeControl "900+10"]

1. e4 {[%emt 0:00:00]} c5 {[%emt 0:00:00]} 2. Nf3 {[%emt 0:00:00]} Nc6 {[%emt 0:00:00]} 3. d4 {[%emt 0:00:00]} cxd4 {[%emt 0:00:00]} 4. Nxd4 {[%emt 0:00:00]} Nf6 {[%emt 0:00:00]} 5. Nc3 {[%emt 0:00:00]} e5 {[%emt 0:00:00]} 6. Ndb5 {[%emt 0:00:00]} d6 {[%emt 0:00:01]} 7. a4 {[%emt 0:00:08]} a6 {[%emt 0:00:32]} 8. Na3 {[%emt 0:00:01]} Bg4 {[%emt 0:00:04]} 9. Be2 {[%emt 0:00:48]} Bxe2 {[%emt 0:00:03]} 10. Qxe2 {[%emt 0:00:03]} d5 {[%emt 0:00:06]} 11. Bg5 {[%emt 0:00:40]} d4 {[%emt 0:00:30]} 12. Bxf6 {[%emt 0:00:22]} gxf6 {[%emt 0:00:44]} 13. Nd5 {[%emt 0:00:14]} Nb4 {[%emt 0:00:31]} 14. Qf3 {[%emt 0:02:02]} Nxd5 {[%emt 0:03:47]} 15. exd5 {[%emt 0:00:02]} Bg7 {[%emt 0:01:30]} 16. O-O-O {[%emt 0:00:32]} O-O {[%emt 0:01:45]} 17. Qb3 {[%emt 0:01:27]} Qd7 {[%emt 0:01:14]} 18. a5 {[%emt 0:00:31]} Rfd8 {[%emt 0:00:39]} 19. c4 {[%emt 0:00:23]} dxc3 {[%emt 0:01:14]} 20. bxc3 {[%emt 0:00:04]} Rac8 {[%emt 0:00:22]} 21. Kb2 {[%emt 0:00:21]} Rc5 {[%emt 0:00:18]} 22. c4 {[%emt 0:01:09]} Rxa5 {[%emt 0:00:27]} 23. Qb6 {[%emt 0:00:37]} Ra4 {[%emt 0:00:17]} 24. c5 {[%emt 0:00:46]} f5 {[%emt 0:01:28]} 25. Kb3 {[%emt 0:00:48]} Rd4 {[%emt 0:00:34]} 26. Rxd4 {[%emt 0:01:06]} exd4 {[%emt 0:00:01]} 27. d6 {[%emt 0:00:26]} Rc8 {[%emt 0:00:35]} 28. Re1 {[%emt 0:01:22]} Bf6 {[%emt 0:00:42]} 29. Nc4 {[%emt 0:00:30]} Qb5+ {[%emt 0:01:03]} 30. Qxb5 {[%emt 0:00:10]} axb5 31. Na5 {[%emt 0:00:35]} Rxc5 {[%emt 0:00:25]} 32. Nxb7 {[%emt 0:00:11]} Rd5 {[%emt 0:00:05]} 33. Kb4 {[%emt 0:02:30]} d3 {[%emt 0:00:25]} 34. Rd1 {[%emt 0:00:32]} Be5 {[%emt 0:00:23]} 35. d7 {[%emt 0:00:33]} Rxd7 {[%emt 0:00:13]} 36. Nc5 {[%emt 0:00:01]} Bd6 {[%emt 0:00:37]} 37. Kxb5 {[%emt 0:00:02]} Bxc5 {[%emt 0:00:10]} 38. Kxc5 {[%emt 0:00:02]} Kg7 {[%emt 0:00:07]} 39. Kc4 {[%emt 0:00:05]} Kf6 {[%emt 0:00:13]} 40. Rxd3 {[%emt 0:00:02]} Rc7+ {[%emt 0:00:01]} 41. Kd4 {[%emt 0:00:15]} Rc2 {[%emt 0:00:04]} 42. Ke3 {[%emt 0:00:16]} Ke5 {[%emt 0:00:07]} 43. Rd7 {[%emt 0:00:10]} Rc3+ {[%emt 0:00:09]} 44. Kd2 {[%emt 0:00:09]} Rc6 {[%emt 0:00:06]} 45. Rxf7 {[%emt 0:00:06]} Rh6 {[%emt 0:00:02]} 46. h3 {[%emt 0:00:09]} f4 {[%emt 0:00:36]} 47. Ke2 {[%emt 0:00:09]} Ke4 {[%emt 0:00:08]} 48. Re7+ {[%emt 0:00:09]} Kf5 {[%emt 0:00:06]} 49. Kf3 {[%emt 0:00:04]} Kg5 {[%emt 0:00:08]} 50. Rf7 {[%emt 0:00:33]} Ra6 {[%emt 0:00:28]} 51. Rxh7 {[%emt 0:00:11]} Ra3+ {[%emt 0:00:03]} 52. Ke4 {[%emt 0:00:26]} Ra4+ {[%emt 0:00:01]} 53. Kd3 {[%emt 0:00:21]} Ra3+ {[%emt 0:00:01]} 54. Kc4 {[%emt 0:00:04]} Ra2 {[%emt 0:00:10]} 55. Rg7+ {[%emt 0:00:10]} Kf6 {[%emt 0:00:04]} 56. Rg4 {[%emt 0:00:44]} Rxf2 {[%emt 0:00:02]} 57. Kd5 {[%emt 0:00:29]} Kf5 {[%emt 0:00:12]} 58. Rg8 {[%emt 0:00:20]} Rd2+ {[%emt 0:00:02]} 59. Kc4 {[%emt 0:00:07]} Ke4 {[%emt 0:00:15]} 60. Re8+ {[%emt 0:00:12]} Kf5 {[%emt 0:00:01]} 61. Rf8+ {[%emt 0:00:11]} Ke4 {[%emt 0:00:05]} 62. Re8+ {[%emt 0:00:22]} Kf5 {[%emt 0:00:02]} 63. Rg8 {[%emt 0:00:07]} Ke4 {[%emt 0:00:05]} 64. Kc3 {[%emt 0:00:07]} Rd3+ {[%emt 0:00:03]} 65. Kc2 {[%emt 0:00:02]} Rd7 {[%emt 0:00:10]} 66. Re8+ {[%emt 0:00:23]} Kf5 {[%emt 0:00:03]} 67. Re2 {[%emt 0:00:07]} Rf7 {[%emt 0:00:48]} 68. Rf2 {[%emt 0:00:23]} Ke4 {[%emt 0:00:06]} 69. Kd2 {[%emt 0:00:04]} Rd7+ {[%emt 0:00:27]} 70. Ke2 {[%emt 0:00:06]} Ra7 {[%emt 0:00:02]} 71. h4 {[%emt 0:00:33]} Rh7 {[%emt 0:00:06]} 72. Rf3 {[%emt 0:00:13]} Rxh4 {[%emt 0:00:03]} 73. Kf2 {[%emt 0:00:01]} Rh7 {[%emt 0:00:07]} 74. Kf1 {[%emt 0:00:02]} Ra7 {[%emt 0:00:03]} 75. Kf2 {[%emt 0:00:01]} Ra1 {[%emt 0:00:04]} 76. Ke2 {[%emt 0:00:01]} Ra2+ {[%emt 0:00:13]} 77. Kf1 {[%emt 0:00:01]} Rd2 {[%emt 0:00:05]} 78. Kg1 {[%emt 0:00:04]} Rd1+ {[%emt 0:00:21]} 79. Kf2 {[%emt 0:00:01]} Rc1 {[%emt 0:00:17]} 80. Ke2 {[%emt 0:00:03]} Rc2+ {[%emt 0:00:23]} 81. Kf1 {[%emt 0:00:02]} Rd2 {[%emt 0:00:04]} 82. Kg1 {[%emt 0:00:02]} Re2 {[%emt 0:00:03]} 83. Kf1 {[%emt 0:00:03]} Re3 {[%emt 0:00:08]} 84. Rxe3+ {[%emt 0:00:28]} fxe3 {[%emt 0:00:31]} 85. Ke2 {[%emt 0:00:02]} Kf4 {[%emt 0:00:02]} 86. g4 {[%emt 0:00:05]} Kxg4 {[%emt 0:00:01]} 87. Kxe3 1/2-1/2

[Event "African Games-chT 2019"]
[Site "Casablanca"]
[Date "2019.08.24"]
[Round "5.5"]
[White "Oatlhotse, Providence"]
[Black "Bellahcene, Bilel"]
[Result "1-0"]
[WhiteElo "2252"]
[BlackElo "2550"]
[Annotator "ChessBase"]
[PlyCount "173"]
[EventDate "2019.08.24"]
[EventType "team-tourn"]
[EventCountry "MAR"]
[SourceTitle "playchess.com"]
[Source "ChessBase"]
[SourceQuality "1"]
[WhiteTeam "Botswana"]
[BlackTeam "Algeria"]
[WhiteTeamCountry "BOT"]
[BlackTeamCountry "ALG"]
[TimeControl "900+10"]

1. d4 {[%emt 0:00:00]} Na6 {[%emt 0:00:00]} 2. e4 {[%emt 0:00:00]} c6 {[%emt 0:00:00]} 3. c4 {[%emt 0:00:04]} g6 {[%emt 0:00:00]} 4. Be2 {[%emt 0:00:08]} Bg7 {[%emt 0:00:01]} 5. Nf3 {[%emt 0:00:03]} d6 {[%emt 0:00:08]} 6. Nc3 {[%emt 0:00:07]} Nf6 {[%emt 0:00:01]} 7. Rb1 {[%emt 0:00:23]} O-O {[%emt 0:00:04]} 8. O-O {[%emt 0:00:03]} e5 {[%emt 0:00:12]} 9. d5 {[%emt 0:00:14]} Nc5 {[%emt 0:00:02]} 10. Nd2 {[%emt 0:00:05]} a5 {[%emt 0:00:01]} 11. b3 {[%emt 0:00:17]} Rb8 {[%emt 0:00:12]} 12. Ba3 {[%emt 0:00:12]} Na6 {[%emt 0:00:33]} 13. Re1 {[%emt 0:00:33]} Nb4 {[%emt 0:00:09]} 14. Nf1 {[%emt 0:00:33]} Bd7 {[%emt 0:00:15]} 15. Ne3 {[%emt 0:00:35]} b5 {[%emt 0:00:31]} 16. Bb2 {[%emt 0:04:51]} bxc4 {[%emt 0:01:04]} 17. Bxc4 {[%emt 0:00:25]} cxd5 {[%emt 0:00:14]} 18. Nexd5 {[%emt 0:00:49]} Nfxd5 {[%emt 0:00:04]} 19. Bxd5 {[%emt 0:00:14]} Kh8 {[%emt 0:00:10]} 20. Bc4 {[%emt 0:00:34]} Be6 {[%emt 0:00:09]} 21. Qe2 {[%emt 0:00:50]} Qc8 {[%emt 0:00:15]} 22. Bxe6 {[%emt 0:00:18]} fxe6 {[%emt 0:00:15]} 23. Red1 {[%emt 0:00:14]} Qd7 {[%emt 0:00:27]} 24. Ba3 {[%emt 0:00:45]} Rfc8 {[%emt 0:00:08]} 25. Bxb4 {[%emt 0:00:15]} axb4 {[%emt 0:00:04]} 26. Na4 {[%emt 0:00:01]} Bh6 {[%emt 0:00:33]} 27. Rb2 {[%emt 0:00:32]} Qc6 {[%emt 0:00:18]} 28. Qd3 {[%emt 0:00:16]} d5 {[%emt 0:00:03]} 29. Qh3 {[%emt 0:01:24]} Bg7 {[%emt 0:00:10]} 30. Rbd2 {[%emt 0:00:33]} d4 {[%emt 0:00:08]} 31. Qg4 {[%emt 0:00:09]} Rf8 {[%emt 0:00:05]} 32. g3 {[%emt 0:00:01]} Ra8 {[%emt 0:00:30]} 33. h4 {[%emt 0:00:05]} Ra7 {[%emt 0:00:06]} 34. Qe2 {[%emt 0:01:00]} Rc8 {[%emt 0:00:08]} 35. Qg4 {[%emt 0:00:23]} Qe8 {[%emt 0:00:09]} 36. Rd3 {[%emt 0:00:37]} h5 {[%emt 0:00:07]} 37. Qg5 {[%emt 0:00:23]} Rac7 {[%emt 0:00:44]} 38. Nb2 {[%emt 0:00:13]} Rc2 {[%emt 0:00:05]} 39. Nc4 {[%emt 0:00:04]} Qf7 {[%emt 0:00:37]} 40. R1d2 {[%emt 0:00:29]} R2xc4 {[%emt 0:02:12]} 41. bxc4 {[%emt 0:00:06]} Rxc4 {[%emt 0:00:11]} 42. Kg2 {[%emt 0:00:36]} Kh7 {[%emt 0:00:01]} 43. Rf3 {[%emt 0:01:08]} Qb7 {[%emt 0:00:01]} 44. Re2 {[%emt 0:00:11]} Rc3 {[%emt 0:00:06]} 45. Qd2 {[%emt 0:01:20]} Qd7 {[%emt 0:00:45]} 46. Re1 {[%emt 0:00:23]} Qc7 {[%emt 0:00:46]} 47. Qb2 {[%emt 0:00:09]} Qc4 {[%emt 0:00:07]} 48. Rb1 {[%emt 0:00:06]} Rxf3 {[%emt 0:00:17]} 49. Kxf3 Qd3+ {[%emt 0:00:01]} 50. Kg2 {[%emt 0:00:03]} Qxe4+ {[%emt 0:00:01]} 51. f3 {[%emt 0:00:10]} Qd5 {[%emt 0:00:13]} 52. Qxb4 {[%emt 0:00:16]} e4 {[%emt 0:00:03]} 53. fxe4 {[%emt 0:00:25]} Qxe4+ {[%emt 0:00:01]} 54. Kh3 {[%emt 0:00:03]} Qf3 {[%emt 0:01:13]} 55. Qb7 {[%emt 0:00:11]} Qe2 {[%emt 0:00:15]} 56. Rb2 {[%emt 0:00:15]} Qd1 {[%emt 0:01:21]} 57. Kh2 {[%emt 0:00:12]} d3 {[%emt 0:00:05]} 58. Qd7 {[%emt 0:00:10]} Qa1 {[%emt 0:01:08]} 59. Rd2 {[%emt 0:00:10]} e5 {[%emt 0:01:45]} 60. Qxd3 {[%emt 0:00:01]} Qc1 {[%emt 0:00:01]} 61. Rc2 {[%emt 0:00:07]} Qe1 {[%emt 0:00:07]} 62. Qe2 {[%emt 0:00:09]} Qa5 {[%emt 0:00:11]} 63. Qd2 {[%emt 0:00:10]} Qa7 {[%emt 0:00:25]} 64. Qf2 {[%emt 0:00:12]} Qd7 {[%emt 0:00:05]} 65. Rd2 {[%emt 0:00:06]} Qe6 {[%emt 0:00:06]} 66. Re2 {[%emt 0:00:10]} Qd7 {[%emt 0:00:12]} 67. Qe3 {[%emt 0:00:05]} Qa4 {[%emt 0:00:16]} 68. Qe4 {[%emt 0:00:04]} Qa3 {[%emt 0:00:05]} 69. Qb7 {[%emt 0:00:07]} Qd3 {[%emt 0:00:30]} 70. Qe4 {[%emt 0:00:11]} Qa3 {[%emt 0:00:01]} 71. Kg2 {[%emt 0:00:04]} Qa7 {[%emt 0:00:05]} 72. a4 {[%emt 0:00:02]} Qc5 {[%emt 0:00:02]} 73. Kh2 {[%emt 0:00:08]} Qa3 {[%emt 0:00:03]} 74. Qc4 {[%emt 0:00:10]} Qa1 {[%emt 0:00:06]} 75. Ra2 {[%emt 0:00:13]} Qb1 {[%emt 0:00:28]} 76. a5 {[%emt 0:00:10]} e4 {[%emt 0:00:00]} 77. a6 {[%emt 0:00:07]} Bd4 {[%emt 0:00:07]} 78. Rg2 {[%emt 0:00:25]} Qa1 {[%emt 0:00:24]} 79. Qf7+ {[%emt 0:00:03]} Kh8 {[%emt 0:01:02]} 80. Qe8+ {[%emt 0:00:03]} Kh7 {[%emt 0:00:05]} 81. Qxe4 {[%emt 0:00:03]} Kg7 {[%emt 0:00:15]} 82. Qe7+ {[%emt 0:00:15]} Kh6 {[%emt 0:00:02]} 83. Qf8+ {[%emt 0:00:29]} Kh7 {[%emt 0:00:04]} 84. Qf7+ {[%emt 0:00:08]} Kh6 {[%emt 0:00:03]} 85. Qb7 {[%emt 0:00:27]} Be3 {[%emt 0:00:27]} 86. Qb2 {[%emt 0:00:14]} Bg1+ {[%emt 0:00:19]} 87. Kh1 {[%emt 0:00:13]} 1-0

[Event "African Games-chT 2019"]
[Site "Casablanca"]
[Date "2019.08.24"]
[Round "5.6"]
[White "Arab, Adlane"]
[Black "Khetho, Phemelo"]
[Result "1-0"]
[WhiteElo "2485"]
[BlackElo "2178"]
[Annotator "ChessBase"]
[PlyCount "65"]
[EventDate "2019.08.24"]
[EventType "team-tourn"]
[EventCountry "MAR"]
[SourceTitle "playchess.com"]
[Source "ChessBase"]
[SourceQuality "1"]
[WhiteTeam "Algeria"]
[BlackTeam "Botswana"]
[WhiteTeamCountry "ALG"]
[BlackTeamCountry "BOT"]
[TimeControl "900+10"]

1. d4 {[%emt 0:00:00]} f5 {[%emt 0:00:00]} 2. c4 {[%emt 0:00:00]} Nf6 {[%emt 0:00:00]} 3. g3 {[%emt 0:00:00]} e6 {[%emt 0:00:00]} 4. Bg2 {[%emt 0:00:00]} Be7 {[%emt 0:00:03]} 5. Nf3 {[%emt 0:00:03]} O-O {[%emt 0:00:06]} 6. O-O {[%emt 0:00:03]} Ne4 {[%emt 0:00:04]} 7. d5 {[%emt 0:00:28]} Bf6 {[%emt 0:00:34]} 8. Qc2 {[%emt 0:00:03]} e5 {[%emt 0:00:14]} 9. Nbd2 {[%emt 0:00:35]} Nxd2 {[%emt 0:00:06]} 10. Bxd2 {[%emt 0:00:03]} d6 {[%emt 0:00:03]} 11. Rac1 {[%emt 0:00:31]} c5 {[%emt 0:01:35]} 12. dxc6 {[%emt 0:00:20]} bxc6 {[%emt 0:00:27]} 13. Rfd1 {[%emt 0:00:05]} e4 {[%emt 0:00:44]} 14. Ne1 {[%emt 0:00:04]} Be5 {[%emt 0:01:43]} 15. Bc3 {[%emt 0:00:08]} Nd7 {[%emt 0:00:43]} 16. Qd2 {[%emt 0:00:42]} Qf6 {[%emt 0:00:34]} 17. f4 {[%emt 0:00:31]} exf3 {[%emt 0:02:54]} 18. Nxf3 {[%emt 0:00:02]} Rb8 {[%emt 0:00:42]} 19. Nxe5 {[%emt 0:00:24]} dxe5 {[%emt 0:00:02]} 20. Qd6 {[%emt 0:00:05]} Rb6 {[%emt 0:01:25]} 21. b3 {[%emt 0:00:13]} c5 {[%emt 0:01:11]} 22. Qxf6 {[%emt 0:00:56]} gxf6 {[%emt 0:00:32]} 23. Rd2 {[%emt 0:00:10]} Kf7 {[%emt 0:00:31]} 24. Rcd1 {[%emt 0:01:07]} Ke7 {[%emt 0:00:40]} 25. Ba5 {[%emt 0:00:29]} Ra6 {[%emt 0:00:18]} 26. Bc7 {[%emt 0:00:02]} Rg8 {[%emt 0:01:14]} 27. Bh3 {[%emt 0:00:20]} Rg5 {[%emt 0:00:58]} 28. e4 {[%emt 0:00:09]} Rc6 {[%emt 0:01:33]} 29. Bd6+ {[%emt 0:00:04]} Ke8 {[%emt 0:00:10]} 30. exf5 {[%emt 0:00:32]} Rg7 {[%emt 0:00:31]} 31. Bg2 {[%emt 0:00:11]} Rb6 {[%emt 0:00:02]} 32. Bxc5 {[%emt 0:00:17]} Ra6 {[%emt 0:00:25]} 33. Be3 {[%emt 0:00:15]} 1-0

[Event "African Games-chT 2019"]
[Site "Casablanca"]
[Date "2019.08.24"]
[Round "5.7"]
[White "Francis, Onkemetse"]
[Black "Nassr, Lina"]
[Result "1/2-1/2"]
[WhiteElo "1792"]
[BlackElo "1938"]
[Annotator "NA"]
[PlyCount "109"]
[EventDate "2019.08.24"]
[EventType "team-tourn"]
[EventCountry "MAR"]
[SourceTitle "playchess.com"]
[Source "ChessBase"]
[SourceQuality "1"]
[WhiteTeam "Botswana"]
[BlackTeam "Algeria"]
[WhiteTeamCountry "BOT"]
[BlackTeamCountry "ALG"]
[TimeControl "900+10"]

1. e4 {[%emt 0:00:00]} c5 {[%emt 0:00:00]} 2. Nc3 {[%emt 0:00:00]} e6 {[%emt 0:00:00]} 3. g3 {[%emt 0:00:00]} Nc6 {[%emt 0:00:00]} 4. Bg2 {[%emt 0:00:00]} g6 {[%emt 0:00:06]} 5. d3 {[%emt 0:00:01]} Bg7 {[%emt 0:00:01]} 6. Nge2 {[%emt 0:00:10]} Nge7 {[%emt 0:00:17]} 7. O-O {[%emt 0:00:06]} O-O {[%emt 0:00:12]} 8. Bg5 {[%emt 0:00:24]} h6 {[%emt 0:00:10]} 9. Be3 {[%emt 0:00:02]} Nd4 {[%emt 0:00:27]} 10. Qd2 {[%emt 0:00:47]} Kh7 {[%emt 0:00:06]} 11. Nd1 {[%emt 0:00:10]} d5 {[%emt 0:01:41]} 12. c3 {[%emt 0:00:26]} Nxe2+ {[%emt 0:00:04]} 13. Qxe2 {[%emt 0:00:01]} Qc7 {[%emt 0:01:14]} 14. d4 {[%emt 0:02:06]} cxd4 {[%emt 0:01:07]} 15. cxd4 {[%emt 0:01:15]} Bd7 {[%emt 0:01:05]} 16. Rc1 {[%emt 0:00:29]} Qb6 {[%emt 0:02:21]} 17. Qd2 {[%emt 0:00:21]} Bc6 {[%emt 0:01:23]} 18. e5 {[%emt 0:01:36]} Bb5 {[%emt 0:00:49]} 19. Re1 {[%emt 0:00:08]} Rfc8 {[%emt 0:00:45]} 20. Nc3 {[%emt 0:00:01]} Bd7 {[%emt 0:01:00]} 21. h4 {[%emt 0:00:20]} Nf5 {[%emt 0:00:49]} 22. Kh2 {[%emt 0:01:08]} h5 {[%emt 0:00:22]} 23. Rf1 {[%emt 0:01:21]} Rc4 {[%emt 0:01:09]} 24. Ne2 {[%emt 0:01:11]} Rac8 {[%emt 0:00:20]} 25. b3 {[%emt 0:00:31]} R4c7 {[%emt 0:00:43]} 26. Rxc7 {[%emt 0:00:04]} Rxc7 {[%emt 0:00:03]} 27. Rc1 {[%emt 0:00:16]} Bb5 {[%emt 0:00:10]} 28. Rxc7 {[%emt 0:00:30]} Qxc7 {[%emt 0:00:02]} 29. Nc3 {[%emt 0:00:19]} Ba6 {[%emt 0:00:16]} 30. Na4 {[%emt 0:00:28]} Nxe3 {[%emt 0:00:45]} 31. fxe3 {[%emt 0:00:03]} b6 {[%emt 0:00:15]} 32. Kg1 {[%emt 0:00:20]} Bh6 {[%emt 0:00:21]} 33. Kf2 {[%emt 0:00:12]} Qc6 {[%emt 0:00:17]} 34. Bf1 {[%emt 0:00:57]} Bxf1 {[%emt 0:00:21]} 35. Kxf1 {[%emt 0:00:02]} Qb5+ {[%emt 0:00:30]} 36. Kf2 {[%emt 0:00:05]} Qc6 {[%emt 0:00:55]} 37. Qc3 {[%emt 0:00:10]} Qxc3 {[%emt 0:00:23]} 38. Nxc3 {[%emt 0:00:01]} Bf8 {[%emt 0:00:16]} 39. Nb5 {[%emt 0:00:09]} a5 {[%emt 0:00:12]} 40. Nc3 {[%emt 0:00:07]} g5 {[%emt 0:00:17]} 41. Na4 {[%emt 0:00:37]} gxh4 {[%emt 0:00:03]} 42. gxh4 {[%emt 0:00:05]} Be7 {[%emt 0:00:20]} 43. Kg3 {[%emt 0:00:10]} Bd8 {[%emt 0:00:03]} 44. Nc3 {[%emt 0:00:12]} Kg6 {[%emt 0:00:05]} 45. Ne2 {[%emt 0:00:13]} Kf5 {[%emt 0:00:25]} 46. Nc3 {[%emt 0:01:06]} f6 {[%emt 0:00:10]} 47. exf6 {[%emt 0:00:07]} Bxf6 {[%emt 0:00:05]} 48. Na4 {[%emt 0:00:29]} Bd8 {[%emt 0:00:10]} 49. Nc3 {[%emt 0:00:06]} Bc7+ {[%emt 0:00:15]} 50. Kf3 {[%emt 0:00:17]} Bd8 {[%emt 0:00:03]} 51. Kg3 {[%emt 0:00:08]} Be7 {[%emt 0:00:11]} 52. Na4 {[%emt 0:00:14]} Bd6+ {[%emt 0:00:19]} 53. Kf3 {[%emt 0:00:09]} Bc7 {[%emt 0:00:01]} 54. Nc3 {[%emt 0:00:24]} Bd8 {[%emt 0:00:03]} 55. Kg3 1/2-1/2

[Event "African Games-chT 2019"]
[Site "Casablanca"]
[Date "2019.08.24"]
[Round "5.8"]
[White "Latreche, Sabrina"]
[Black "Gabatshwarwe Refilwe"]
[Result "1-0"]
[WhiteElo "2064"]
[BlackElo "1649"]
[Annotator "NA"]
[PlyCount "55"]
[EventDate "2019.08.24"]
[EventType "team-tourn"]
[EventCountry "MAR"]
[SourceTitle "playchess.com"]
[Source "ChessBase"]
[SourceQuality "1"]
[WhiteTeam "Algeria"]
[BlackTeam "Botswana"]
[WhiteTeamCountry "ALG"]
[BlackTeamCountry "BOT"]
[TimeControl "900+10"]

1. e4 {[%emt 0:00:00]} e5 {[%emt 0:00:00]} 2. Nf3 {[%emt 0:00:00]} Nc6 {[%emt 0:00:00]} 3. d4 {[%emt 0:00:00]} exd4 {[%emt 0:00:04]} 4. Bc4 {[%emt 0:00:00]} d6 {[%emt 0:01:09]} 5. Nxd4 {[%emt 0:00:02]} Bd7 {[%emt 0:01:42]} 6. Nc3 {[%emt 0:00:32]} Nf6 {[%emt 0:00:14]} 7. O-O {[%emt 0:01:26]} Be7 {[%emt 0:00:21]} 8. h3 {[%emt 0:00:22]} h6 {[%emt 0:00:18]} 9. Be3 {[%emt 0:00:33]} Ne5 {[%emt 0:00:20]} 10. Be2 {[%emt 0:00:11]} O-O {[%emt 0:01:01]} 11. f4 {[%emt 0:00:11]} Nc6 {[%emt 0:00:39]} 12. Bf3 {[%emt 0:00:02]} Nxd4 {[%emt 0:00:12]} 13. Bxd4 {[%emt 0:00:03]} Bc6 {[%emt 0:00:05]} 14. Qd3 {[%emt 0:02:03]} a6 {[%emt 0:00:42]} 15. Rad1 {[%emt 0:00:30]} Re8 {[%emt 0:00:42]} 16. e5 {[%emt 0:00:47]} Bxf3 {[%emt 0:02:06]} 17. Qxf3 {[%emt 0:00:03]} Nh7 {[%emt 0:00:43]} 18. Qxb7 {[%emt 0:01:50]} Qb8 {[%emt 0:02:32]} 19. Qc6 {[%emt 0:01:14]} dxe5 {[%emt 0:02:08]} 20. fxe5 {[%emt 0:00:02]} Bf8 {[%emt 0:00:19]} 21. Nd5 {[%emt 0:00:19]} Re6 {[%emt 0:00:58]} 22. Qxc7 {[%emt 0:00:06]} Qe8 {[%emt 0:00:31]} 23. Qc3 {[%emt 0:01:07]} Rc8 {[%emt 0:00:56]} 24. Qd3 {[%emt 0:00:12]} Qb5 {[%emt 0:00:38]} 25. Qxb5 {[%emt 0:01:08]} axb5 {[%emt 0:00:02]} 26. c3 {[%emt 0:00:05]} Bc5 {[%emt 0:00:29]} 27. b4 {[%emt 0:01:07]} Bxd4+ {[%emt 0:00:21]} 28. cxd4 {[%emt 0:00:01]} 1-0

[Event "African Games-chT 2019"]
[Site "Casablanca"]
[Date "2019.08.24"]
[Round "5.9"]
[White "Hamdouchi, Hicham"]
[Black "Makoto, Rodwell"]
[Result "1/2-1/2"]
[WhiteElo "2562"]
[BlackElo "2373"]
[Annotator "ChessBase"]
[PlyCount "130"]
[EventDate "2019.08.24"]
[EventType "team-tourn"]
[EventCountry "MAR"]
[SourceTitle "playchess.com"]
[Source "ChessBase"]
[SourceQuality "1"]
[WhiteTeam "Morocco"]
[BlackTeam "Zimbabwe"]
[WhiteTeamCountry "MAR"]
[BlackTeamCountry "ZIM"]
[TimeControl "900+10"]

1. e4 {[%emt 0:00:00]} e5 {[%emt 0:00:00]} 2. Nf3 {[%emt 0:00:00]} Nc6 {[%emt 0:00:00]} 3. Bb5 {[%emt 0:00:00]} g6 {[%emt 0:00:00]} 4. c3 {[%emt 0:00:00]} a6 {[%emt 0:00:00]} 5. Ba4 {[%emt 0:00:04]} d6 {[%emt 0:00:00]} 6. d4 {[%emt 0:00:04]} Bd7 {[%emt 0:00:00]} 7. O-O {[%emt 0:00:12]} Bg7 {[%emt 0:00:01]} 8. d5 {[%emt 0:00:35]} Nce7 {[%emt 0:00:03]} 9. c4 {[%emt 0:00:02]} h6 {[%emt 0:00:10]} 10. Nc3 {[%emt 0:00:10]} f5 {[%emt 0:00:07]} 11. Ne1 {[%emt 0:00:18]} Nf6 {[%emt 0:00:31]} 12. f3 {[%emt 0:00:03]} O-O {[%emt 0:00:02]} 13. Nd3 {[%emt 0:00:09]} Bc8 {[%emt 0:00:19]} 14. c5 {[%emt 0:00:09]} f4 {[%emt 0:02:06]} 15. Bd2 {[%emt 0:00:26]} g5 {[%emt 0:00:02]} 16. Kh1 {[%emt 0:00:04]} g4 {[%emt 0:00:08]} 17. Be1 {[%emt 0:00:07]} h5 {[%emt 0:00:06]} 18. Bf2 {[%emt 0:01:39]} Ng6 {[%emt 0:00:04]} 19. Bg1 {[%emt 0:00:33]} h4 {[%emt 0:00:36]} 20. Qd2 {[%emt 0:02:02]} Nh5 {[%emt 0:00:32]} 21. Ne2 {[%emt 0:01:00]} h3 {[%emt 0:02:15]} 22. gxh3 {[%emt 0:00:16]} gxf3 {[%emt 0:00:12]} 23. Rxf3 {[%emt 0:00:05]} Nh4 {[%emt 0:00:02]} 24. Raf1 {[%emt 0:00:18]} Qg5 {[%emt 0:00:16]} 25. Ne1 {[%emt 0:00:06]} Nxf3 {[%emt 0:00:25]} 26. Rxf3 {[%emt 0:00:09]} Rf6 {[%emt 0:00:24]} 27. cxd6 {[%emt 0:01:22]} cxd6 {[%emt 0:00:01]} 28. Bb6 {[%emt 0:00:02]} Rh6 {[%emt 0:00:19]} 29. Ng1 {[%emt 0:00:22]} Nf6 {[%emt 0:00:13]} 30. Bc2 {[%emt 0:00:32]} Bd7 {[%emt 0:00:20]} 31. Rc3 {[%emt 0:01:07]} Rc8 {[%emt 0:01:31]} 32. Bf2 {[%emt 0:01:08]} Qg6 {[%emt 0:00:29]} 33. Rxc8+ {[%emt 0:00:40]} Bxc8 {[%emt 0:00:01]} 34. Qd3 {[%emt 0:00:06]} Bd7 {[%emt 0:00:08]} 35. a4 {[%emt 0:00:46]} Bf8 {[%emt 0:00:29]} 36. b4 {[%emt 0:00:18]} Be7 {[%emt 0:00:05]} 37. b5 {[%emt 0:00:16]} axb5 {[%emt 0:00:01]} 38. axb5 {[%emt 0:00:00]} Nh7 {[%emt 0:00:51]} 39. b6 {[%emt 0:00:24]} Ng5 {[%emt 0:00:02]} 40. h4 {[%emt 0:00:05]} Nf7 {[%emt 0:00:00]} 41. Nef3 {[%emt 0:00:22]} Rh7 {[%emt 0:00:12]} 42. Qf1 {[%emt 0:00:13]} Rg7 {[%emt 0:00:08]} 43. Bd3 {[%emt 0:00:14]} Nh6 {[%emt 0:00:07]} 44. Nh3 {[%emt 0:00:55]} Bxh3 {[%emt 0:00:52]} 45. Qxh3 {[%emt 0:00:02]} Ng4 {[%emt 0:00:13]} 46. Bg1 {[%emt 0:00:08]} Ne3 {[%emt 0:00:41]} 47. Qe6+ {[%emt 0:01:15]} Kh7 {[%emt 0:00:46]} 48. Qxg6+ {[%emt 0:00:31]} Rxg6 {[%emt 0:00:09]} 49. h5 {[%emt 0:01:20]} Rg7 {[%emt 0:00:01]} 50. Nd2 {[%emt 0:00:13]} Bd8 {[%emt 0:00:24]} 51. Bxe3 {[%emt 0:01:09]} fxe3 {[%emt 0:00:02]} 52. Nc4 {[%emt 0:00:01]} Rf7 {[%emt 0:01:34]} 53. Kg2 {[%emt 0:00:23]} Rf2+ {[%emt 0:00:09]} 54. Kg3 {[%emt 0:00:01]} Bg5 {[%emt 0:01:43]} 55. Nxd6 {[%emt 0:00:16]} Bf4+ {[%emt 0:00:01]} 56. Kg4 {[%emt 0:00:01]} e2 {[%emt 0:00:07]} 57. Bxe2 {[%emt 0:00:02]} Rxe2 {[%emt 0:00:01]} 58. Nxb7 {[%emt 0:00:34]} Kg7 {[%emt 0:01:36]} 59. Nc5 {[%emt 0:00:38]} Rb2 {[%emt 0:00:23]} 60. Ne6+ {[%emt 0:00:10]} Kf6 {[%emt 0:00:01]} 61. Nxf4 {[%emt 0:00:02]} exf4 {[%emt 0:00:01]} 62. Kxf4 {[%emt 0:00:01]} Rf2+ {[%emt 0:01:08]} 63. Kg3 {[%emt 0:00:05]} Rb2 {[%emt 0:00:04]} 64. Kf4 {[%emt 0:00:02]} Rf2+ {[%emt 0:00:50]} 65. Kg3 {[%emt 0:00:01]} Rb2 {[%emt 0:00:01]} 1/2-1/2